Central Library OPAC University of Rajshahi

A history of the dvaita school of Vedanta and its literature : (Record no. 30949)

MARC details
000 -LEADER
fixed length control field 00775nam a2200241 i 4500
001 - CONTROL NUMBER
control field 30949
003 - CONTROL NUMBER IDENTIFIER
rucl marc code BD-RjUL
005 - DATE AND TIME OF LATEST TRANSACTION
control field 20211209051636.0
008 - FIXED-LENGTH DATA ELEMENTS--GENERAL INFORMATION
fixed length control field 140412s1981 ii 0 eng d
020 ## - INTERNATIONAL STANDARD BOOK NUMBER
Terms of availability : IRs. 200.00
035 ## - SYSTEM CONTROL NUMBER
System control number (BD-RjUL)31036
040 ## - CATALOGING SOURCE
Transcribing agency BD-RjUL
Original cataloging agency BD-RjUL
Language of cataloging eng
041 ## - LANGUAGE CODE
Language code of text/sound track or separate title eng
082 04 - DEWEY DECIMAL CLASSIFICATION NUMBER
Classification number 181.4841
Author mark and year SHH 1981
100 1# - MAIN ENTRY--PERSONAL NAME
Personal name Sharma, B. N. K.
Dates associated with a name 1909-
9 (RLIN) 94049
245 10 - TITLE STATEMENT
Title A history of the dvaita school of Vedanta and its literature :
Remainder of title From the earliest beginnings to our own times /
Statement of responsibility, etc. by B.N.K. Sharma
250 ## - EDITION STATEMENT
Edition statement 2nd rev. ed.
260 ## - PUBLICATION, DISTRIBUTION, ETC. (IMPRINT)
Place of publication, distribution, etc. Delhi:
Name of publisher, distributor, etc. Motilal Banarsidass,
Date of publication, distribution, etc. 1981
300 ## - PHYSICAL DESCRIPTION
Pagination xxxiii, 618, [1] p. :
Illustrations Ill. ;
Size 23 cm.
504 ## - BIBLIOGRAPHY, ETC. NOTE
Bibliography, etc Includes Bibliographical footnotes.
650 #0 - SUBJECT ADDED ENTRY--TOPICAL TERM
Topical term or geographic name as entry element Dvaita (Vedanta)
9 (RLIN) 94050
942 ## - ADDED ENTRY ELEMENTS (KOHA)
Source of classification or shelving scheme Dewey Decimal Classification
Koha item type Books
Holdings
Lost status Source of classification or shelving scheme Damaged status Not for loan Permanent Location Current Location Shelving location Date acquired Source of acquisition Cost, normal purchase price Total Checkouts Full call number Date last seen Copy number Koha item type
  Dewey Decimal Classification   Not For Loan Central Library, University of Rajshahi Central Library, University of Rajshahi Reading Room 28/11/1983 N/A 0.00   181.4841 SHH 1981 12/04/2014 C-1 Books